000 00375nam a2200133Ia 4500
005 20260326100033.0
008 260326s9999||||xx |||||||||||||| ||und||
100 _aCirlot, Juan Eduardo
245 0 _aDiccionario de Arquitectos :
_b de la Antigüedad a Nuestros dias /
_cJuan Eduardo Cirlot
260 _bGustavo Gili
300 _a444 p.
650 _aARQUITECTOS
942 _cBK
999 _c6687
_d6687